Personnel and industrial relations: a managerial approach. (3rd ed.) (Record no. 53402)

MARC details
000 -LEADER
fixed length control field 00715nam a2200217 a 4500
008 - FIXED-LENGTH DATA ELEMENTS--GENERAL INFORMATION
fixed length control field 120416s1977 ||||||||||||||||| || u
020 ## - INTERNATIONAL STANDARD BOOK NUMBER
International Standard Book Number 0023816600
050 ## - LIBRARY OF CONGRESS CALL NUMBER
Classification number HF 5549 Min
100 ## - MAIN ENTRY--PERSONAL NAME
Personal name Miner, John B
245 10 - TITLE STATEMENT
Title Personnel and industrial relations: a managerial approach. (3rd ed.)
250 ## - EDITION STATEMENT
Edition statement 3rd ed.
260 ## - PUBLICATION, DISTRIBUTION, ETC.
Place of publication, distribution, etc. New York:
Name of publisher, distributor, etc. Macmillan
Date of publication, distribution, etc. 1977
300 ## - PHYSICAL DESCRIPTION
Extent x, 613p. : ill.
350 ## - PRICE (NR) (BK AM CF MU VM SE) [OBSOLETE]
Price 0.00
500 ## - GENERAL NOTE
General note Bibliography
650 #0 - SUBJECT ADDED ENTRY--TOPICAL TERM
Topical term or geographic name entry element MANAGEMENT
650 #0 - SUBJECT ADDED ENTRY--TOPICAL TERM
Topical term or geographic name entry element INDUSTRIAL RELATIONS
650 #0 - SUBJECT ADDED ENTRY--TOPICAL TERM
Topical term or geographic name entry element PERSONNEL MANAGEMENT
700 ## - ADDED ENTRY--PERSONAL NAME
Personal name Miner, Mary Green
995 ## - RECOMMENDATION 995 [LOCAL, UNIMARC FRANCE]
-- 0.00
-- CBU-MAIN LIBRARY (Kitwe)
-- 1
-- 0.00
-- 1
-- DAMAGED
-- Main Library Open Access Collection
Holdings
Withdrawn status Lost status Source of classification or shelving scheme Damaged status Not for loan Home library Current library Shelving location Date acquired Total Checkouts Full call number Barcode Date last seen Price effective from Koha item type
          CBU-MAIN LIBRARY, KITWE. CBU-MAIN LIBRARY, KITWE.   11/30/2022   HF 5549 Min 006554 11/30/2022 11/30/2022 MONOGRAPH